<?xml version="1.0" encoding="UTF-8"?>
<record
    xmlns:xsi="http://www.w3.org/2001/XMLSchema-instance"
    xsi:schemaLocation="http://www.loc.gov/MARC21/slim http://www.loc.gov/standards/marcxml/schema/MARC21slim.xsd"
    xmlns="http://www.loc.gov/MARC21/slim">

  <leader>00512nam a2200205Ia 4500</leader>
  <controlfield tag="008">230125s9999    xx            000 0 und d</controlfield>
  <datafield tag="020" ind1=" " ind2=" ">
    <subfield code="a">8176601205</subfield>
  </datafield>
  <datafield tag="041" ind1=" " ind2=" ">
    <subfield code="a">eng</subfield>
  </datafield>
  <datafield tag="082" ind1=" " ind2=" ">
    <subfield code="a">658.15</subfield>
    <subfield code="b">INA</subfield>
  </datafield>
  <datafield tag="100" ind1=" " ind2=" ">
    <subfield code="a">Inamdar S M</subfield>
    <subfield code="9">106256</subfield>
  </datafield>
  <datafield tag="245" ind1=" " ind2=" ">
    <subfield code="a">Principles of Financial Management</subfield>
  </datafield>
  <datafield tag="250" ind1=" " ind2=" ">
    <subfield code="a">6th ed</subfield>
  </datafield>
  <datafield tag="260" ind1=" " ind2=" ">
    <subfield code="c">2009</subfield>
    <subfield code="b">Everest Publishing house</subfield>
    <subfield code="a">Pune</subfield>
  </datafield>
  <datafield tag="300" ind1=" " ind2=" ">
    <subfield code="a">530p</subfield>
  </datafield>
  <datafield tag="500" ind1=" " ind2=" ">
    <subfield code="a">FM</subfield>
  </datafield>
  <datafield tag="650" ind1=" " ind2=" ">
    <subfield code="a">Financial Management</subfield>
  </datafield>
  <datafield tag="700" ind1=" " ind2=" ">
    <subfield code="a">Inamdar S M</subfield>
    <subfield code="9">106256</subfield>
  </datafield>
  <datafield tag="906" ind1=" " ind2=" ">
    <subfield code="b">109</subfield>
  </datafield>
  <datafield tag="999" ind1=" " ind2=" ">
    <subfield code="c">89132</subfield>
    <subfield code="d">89132</subfield>
  </datafield>
  <datafield tag="952" ind1=" " ind2=" ">
    <subfield code="0">2</subfield>
    <subfield code="1">0</subfield>
    <subfield code="4">0</subfield>
    <subfield code="7">0</subfield>
    <subfield code="a">HIMR</subfield>
    <subfield code="b">HIMR</subfield>
    <subfield code="d">2010-02-05</subfield>
    <subfield code="e">Everest publisher</subfield>
    <subfield code="g">365.00</subfield>
    <subfield code="i">9316</subfield>
    <subfield code="o">658.15 INA B08180</subfield>
    <subfield code="p">HIMR-BK-8180</subfield>
    <subfield code="r">2023-01-25 00:00:00</subfield>
    <subfield code="v">256.00</subfield>
    <subfield code="w">2010-01-25</subfield>
    <subfield code="y">BK</subfield>
    <subfield code="z">B08180</subfield>
  </datafield>
  <datafield tag="952" ind1=" " ind2=" ">
    <subfield code="0">2</subfield>
    <subfield code="1">0</subfield>
    <subfield code="4">0</subfield>
    <subfield code="7">0</subfield>
    <subfield code="a">HIMR</subfield>
    <subfield code="b">HIMR</subfield>
    <subfield code="d">2010-02-05</subfield>
    <subfield code="e">Everest publisher</subfield>
    <subfield code="g">365.00</subfield>
    <subfield code="i">9316</subfield>
    <subfield code="o">658.15 INA B08178</subfield>
    <subfield code="p">HIMR-BK-8178</subfield>
    <subfield code="r">2023-01-25 00:00:00</subfield>
    <subfield code="v">256.00</subfield>
    <subfield code="w">2010-01-25</subfield>
    <subfield code="y">BK</subfield>
    <subfield code="z">B08178</subfield>
  </datafield>
  <datafield tag="952" ind1=" " ind2=" ">
    <subfield code="0">2</subfield>
    <subfield code="1">0</subfield>
    <subfield code="4">0</subfield>
    <subfield code="7">0</subfield>
    <subfield code="a">HIMR</subfield>
    <subfield code="b">HIMR</subfield>
    <subfield code="d">2010-02-05</subfield>
    <subfield code="e">Everest publisher</subfield>
    <subfield code="g">365.00</subfield>
    <subfield code="i">9316</subfield>
    <subfield code="o">658.15 INA B08177</subfield>
    <subfield code="p">HIMR-BK-8177</subfield>
    <subfield code="r">2023-01-25 00:00:00</subfield>
    <subfield code="v">256.00</subfield>
    <subfield code="w">2010-01-25</subfield>
    <subfield code="y">BK</subfield>
    <subfield code="z">B08177</subfield>
  </datafield>
  <datafield tag="952" ind1=" " ind2=" ">
    <subfield code="0">2</subfield>
    <subfield code="1">0</subfield>
    <subfield code="4">0</subfield>
    <subfield code="7">0</subfield>
    <subfield code="a">HIMR</subfield>
    <subfield code="b">HIMR</subfield>
    <subfield code="d">2010-02-05</subfield>
    <subfield code="e">Everest publisher</subfield>
    <subfield code="g">365.00</subfield>
    <subfield code="i">9316</subfield>
    <subfield code="o">658.15 INA B08179</subfield>
    <subfield code="p">HIMR-BK-8179</subfield>
    <subfield code="r">2023-01-25 00:00:00</subfield>
    <subfield code="v">256.00</subfield>
    <subfield code="w">2010-01-25</subfield>
    <subfield code="y">BK</subfield>
    <subfield code="z">B08179</subfield>
  </datafield>
  <datafield tag="952" ind1=" " ind2=" ">
    <subfield code="0">2</subfield>
    <subfield code="1">0</subfield>
    <subfield code="4">0</subfield>
    <subfield code="7">0</subfield>
    <subfield code="a">HIMR</subfield>
    <subfield code="b">HIMR</subfield>
    <subfield code="d">2010-02-05</subfield>
    <subfield code="e">Everest publisher</subfield>
    <subfield code="g">365.00</subfield>
    <subfield code="i">9316</subfield>
    <subfield code="o">658.15 INA B08181</subfield>
    <subfield code="p">HIMR-BK-8181</subfield>
    <subfield code="r">2023-01-25 00:00:00</subfield>
    <subfield code="v">256.00</subfield>
    <subfield code="w">2010-01-25</subfield>
    <subfield code="y">BK</subfield>
    <subfield code="z">B08181</subfield>
  </datafield>
  <datafield tag="952" ind1=" " ind2=" ">
    <subfield code="0">1</subfield>
    <subfield code="1">0</subfield>
    <subfield code="4">0</subfield>
    <subfield code="7">0</subfield>
    <subfield code="a">HIMR</subfield>
    <subfield code="b">HIMR</subfield>
    <subfield code="d">1997-06-12</subfield>
    <subfield code="e">Varma Book Distributor</subfield>
    <subfield code="g">145.00</subfield>
    <subfield code="i">113</subfield>
    <subfield code="o">658.15 INA B00288</subfield>
    <subfield code="p">HIMR-BK-288</subfield>
    <subfield code="r">2023-01-25 00:00:00</subfield>
    <subfield code="v">123.00</subfield>
    <subfield code="w">1997-06-12</subfield>
    <subfield code="y">BK</subfield>
    <subfield code="z">B00288</subfield>
  </datafield>
  <datafield tag="952" ind1=" " ind2=" ">
    <subfield code="0">2</subfield>
    <subfield code="1">0</subfield>
    <subfield code="4">0</subfield>
    <subfield code="7">0</subfield>
    <subfield code="a">HIMR</subfield>
    <subfield code="b">HIMR</subfield>
    <subfield code="d">2009-01-31</subfield>
    <subfield code="e">The Forward Books</subfield>
    <subfield code="g">345.00</subfield>
    <subfield code="i">2357</subfield>
    <subfield code="o">658.15 INA B07101</subfield>
    <subfield code="p">HIMR-BK-7101</subfield>
    <subfield code="r">2023-01-25 00:00:00</subfield>
    <subfield code="v">276.00</subfield>
    <subfield code="w">2009-01-27</subfield>
    <subfield code="y">BK</subfield>
    <subfield code="z">B07101</subfield>
  </datafield>
  <datafield tag="952" ind1=" " ind2=" ">
    <subfield code="0">2</subfield>
    <subfield code="1">0</subfield>
    <subfield code="4">0</subfield>
    <subfield code="7">0</subfield>
    <subfield code="a">HIMR</subfield>
    <subfield code="b">HIMR</subfield>
    <subfield code="d">2004-12-16</subfield>
    <subfield code="e">Satya Gilani</subfield>
    <subfield code="g">285.00</subfield>
    <subfield code="o">658.15 INA B04241</subfield>
    <subfield code="p">HIMR-BK-4241</subfield>
    <subfield code="r">2023-01-25 00:00:00</subfield>
    <subfield code="v">241.99</subfield>
    <subfield code="w">2023-01-25</subfield>
    <subfield code="y">BK</subfield>
    <subfield code="z">B04241</subfield>
  </datafield>
</record>
